000
00335nam a2200133Ia 4500
008
240624s9999 xx 000 0 und d
041
_a
eng
082
_a
299 MIG
100
_a
RUIZ DON MIGUEL
245
_a
FOUR AGREEMENTS A PRACTICAL GUIDE TO PER
260
_c
1997
_a
New Delhi
_b
Hay House
300
_a
160 p.; 17 cm.
365
_c
RS
999
_c
31902
_d
31902